| 000 | 00447nam a2200169Ia 4500 | ||
|---|---|---|---|
| 008 | 230917s9999||||xx |||||||||||||| ||und|| | ||
| 020 | _cRS 610.00 | ||
| 040 |
_e5009027 _aMAIN |
||
| 041 | _aEnglish | ||
| 082 | _a006.31 S31M | ||
| 100 | _aSridhar, S | ||
| 245 | 0 | _aMachine learning | |
| 260 |
_aNew Delhi _bOxford University Press _c2021 |
||
| 300 | _axiv, 479 p. | ||
| 500 | _a4533 10/02/2022 HBD22/1134495 25/02/2022 Main Budget | ||
| 942 | _cBK | ||
| 999 |
_c5490 _d5490 |
||